000 00871nam a2200301Ia 4500
003 OSt
005 20221006142240.0
006 a|||||r|||| 00| 0
007 ta
008 221006b |||||||| |||| 00| 0 eng d
020 _a9780709937210
_c£14.95
024 _a5,802
037 _cTextual
040 _aEASL
_cEASL
_beng
041 _2eng
_aeng
082 _aT3.41.N84, M5
100 _aHUNTER Carman St John Ed.
_9647247
245 0 _aAdult education in China
260 _aLondon
_bCroom Helm
_c1985
300 _a147p.
_ccm.
490 _v CEL
650 _a CEL
650 _a Continuining education - China
_9647248
650 _aAdult education - China
_9647249
700 _a KEEHN Martha McKee Ed.
_9647250
942 _hT3.41.N84, M5
_cTEXL
_2CC
999 _c1073888
_d1073888